000 00392nam a22001457a 4500
020 _a9788181312570
082 _a823
_bBRI/T
100 _aBRITANNICA
245 _aEARLY DISCOVERY
_bTIME
260 _aUNITED KINGDOM
_bENCYCLOPEDIA BRITANNICA
_c2012
300 _a31
520 _aLEARN ABOUT TELLING TIME, NEW WORDS, PLAY TIME - TELLING GAME
650 _aLEARN ABOUT TELLING TIME
942 _cBK
999 _c237
_d237